000
00313nam a2200109Ia 4500
008
220204s9999 xx 000 0 und d
082
_a
550.4(031)
_b
FAI
245
0
_a
Encyclopedia of geochemistry and environmental sciences
260
_a
New York
_b
Van Nostrand
_c
1972
700
_a
Fairbridge, Rhodes W
942
_c
BK
999
_c
28402
_d
28402